01246nam a22003017a 4500003000400000005001700004008004100021040002200062082001800084100002500102245003000127260006000157300002100217366000800238490003200246505004900278505012000327505010800447505001200555650005500567650004700622650004800669650004300717650004500760650005600805650004700861700003600908OSt20230616130746.0221006b |||||||| |||| 00| 0 eng d cBiblioteca Lado V a709.05bG851a aGriffin, Timeeditor aArtforum/bInternacional/ aNew Yorkc2000bNew York editorial and business offices c26.5x27cma200p. espa aSeptiembrev2000x0864-1315 tCOLUMNSaBooks Fashion News Film Top Ten tPREVIEWaRegional Exhibitions US News US Shorts Travel Brief From the Vault World Report International Shorts tFEATURESgFall Gals: Cindy Sherman AThousand Words Yard Work Wassily Kandinsky City Light Openings tReviews 2Tesauro de Arte & ArquitecturaaARTE COMTEMPORANEO 2Tesauro de Arte & ArquitecturaaFOTOGRAFIA 2Tesauro de Arte & ArquitecturaaARTE VISUAL 2Tesauro de Arte & ArquitecturaaLIBROS 2Tesauro de Arte & ArquitecturaaNOTICIAS 2 Tesauro de Arte & ArquitecturaaARTE INTERNACIONAL 2 Tesauro de Arte & ArquitecturaaESCULTURA aNavarreta, Jose Antonioeeditor